| 000 | 00515nam a2200157Ia 4500 | ||
|---|---|---|---|
| 008 | 100204s9999 xx 000 0 und d | ||
| 082 | _b26848 | ||
| 100 | _aचेस जेम्स हेडले | ||
| 245 | _aफ्रोझन डेथ | ||
| 260 |
_b"नंदादीप प्रकाशन, ठाणे" _c2005 |
||
| 300 | _a104 | ||
| 630 | _aफ्रोझन डेथ | ||
| 700 | _aहुद्दार मधुकर | ||
| 730 | _aफ्रोझन डेथ | ||
| 942 | _cBOOK | ||
| 999 |
_c472027 _d472024 |
||